00502nam a2200181Ia 4500003000900000008004100009020001800050040001600068080001100084100001900095245007100114260004200185300001300227650002100240650001800261650001900279650002200298IN-BaIIA211028s9999 xx 000 0 eng d a0-19-850745-3 cIIA Library a5bPAR aPark, Robert L 0aVoodoo sciencebthe road from foolishness to fraudcRobert L. Park aOxfordbOxford University Pressc2000 ax, 230p. aPerpetuum mobile aPseudoscience aThermodynamics aVirtual astronaut